Návrh metódy riadenia prístupu v sieťach IMS

Salvato in:
Dettagli Bibliografici
Autore principale: Šimončík, Tomáš (Autore)
Altri autori: Chromý, Erik (Relatore della tesi)
Natura: Manoscritto Libro
Lingua:slovacco
Pubblicazione: 2015
Soggetti:
Accesso online:http://is.stuba.sk/zp/portal_zp.pl?podrobnosti=111901
Tags: Aggiungi Tag
Nessun Tag, puoi essere il primo ad aggiungerne!!

MARC

LEADER 00000ntm a22000003a 4500
001 stuzp46682
003 SK-STU
005 20160719153132.8
007 ta
008 150427s2015----xo-----f-mn---000-0-slo-d
040 |a STU  |b slo 
041 0 |a slo 
100 1 |a Šimončík, Tomáš  |u 037000  |4 aut  |U FEI Fakulta elektrotechniky a informatiky  |T FEI Ústav telekomunikácií  |X 56447  |U E070  |Y 818  |7 A000056447 
242 0 1 |a Design of admission control method for IMS system  |y eng 
245 1 0 |a Návrh metódy riadenia prístupu v sieťach IMS 
260 |c 2015 
300 |a 47 s. 
650 4 |a riadenie prístupu  |2 slo 
650 4 |a IMS  |2 slo 
650 4 |a RACS  |2 slo 
650 4 |a kvality služby  |2 slo 
650 4 |a MBAC  |2 slo 
650 4 |a admission control  |2 eng 
650 4 |a IMS  |2 eng 
650 4 |a RACS  |2 eng 
650 4 |a quality of service  |2 eng 
650 4 |a MBAC  |2 eng 
700 1 |a Chromý, Erik  |4 ths  |X 3861  |7 A000003861 
856 4 |u http://is.stuba.sk/zp/portal_zp.pl?podrobnosti=111901 
996 |b 284EP11256  |c E*DIPL- 11256  |l EE37  |s P  |a 0  |w stuzp46682_0001 
SQL |a stuzp46682  |b DDP  |c SLO  |d Návrh metódy riadenia prístupu v sieťach IMS  |e 56447  |f Šimončík, Tomáš  |g 037000  |h 3861  |i Chromý, Erik  |j 20150616  |k 86  |l 03  |m http://is.stuba.sk/zp/portal_zp.pl?podrobnosti=111901  |n I-TLK  |o 5.2.15. telekomunikácie